Normal view
MARC view
- Tiffany, Carrie,
Entry Personal Name
001 - CONTROL NUMBER
- control field: 11512
003 - CONTROL NUMBER IDENTIFIER
- control field: NUST
005 - DATE AND TIME OF LATEST TRANSACTION
- control field: 20180709112750.0
008 - FIXED-LENGTH DATA ELEMENTS
- fixed length control field: 180709|| aca||aabn | a|a d
040 ## - CATALOGING SOURCE
- Original cataloging agency: NUST
- Transcribing agency: NUST
100 ## - HEADING--PERSONAL NAME
- Personal name: Tiffany, Carrie,
- Dates associated with a name: 1965-
670 ## - SOURCE DATA FOUND
- Source citation: Work cat.: (NUST)235059: Tiffany, Carrie, 1965-, Everyman's rules for scientific living :, 2006.
